LIBRARY ONLINE CATALOGUE

Confronting global terrorism and American neo-conservatism : (Record no. 11500)

MARC details
000 -LEADER
fixed length control field 00813nam a22002532 4500
001 - CONTROL NUMBER
control field 0000023897
005 - DATE AND TIME OF LATEST TRANSACTION
control field 20151217154507.0
008 - FIXED-LENGTH DATA ELEMENTS--GENERAL INFORMATION
fixed length control field 130415s xx 000 0 eng d
020 ## - INTERNATIONAL STANDARD BOOK NUMBER
International Standard Book Number 0199534739 :
040 ## - CATALOGING SOURCE
Original cataloging agency KABU
Transcribing agency KABU
100 1# - MAIN ENTRY--PERSONAL NAME
Personal name Farar, Tom.
-- 0000183672
245 10 - TITLE STATEMENT
Title Confronting global terrorism and American neo-conservatism :
Remainder of title the framework of a liberal grand strategy /
Statement of responsibility, etc. Tom Farer.
250 ## - EDITION STATEMENT
Edition statement 1st ed.
260 ## - PUBLICATION, DISTRIBUTION, ETC. (IMPRINT)
Place of publication, distribution, etc. Oxford :
Name of publisher, distributor, etc. O. U. P.,
Date of publication, distribution, etc. 2008.
300 ## - PHYSICAL DESCRIPTION
Extent x, 257 p.
650 #0 - SUBJECT ADDED ENTRY--TOPICAL TERM
Topical term or geographic name as entry element Terrorism.
-- 0000159021
650 #0 - SUBJECT ADDED ENTRY--TOPICAL TERM
Topical term or geographic name as entry element Liberalism.
-- 0000183673
650 #0 - SUBJECT ADDED ENTRY--TOPICAL TERM
Topical term or geographic name as entry element Human rights.
-- 0000150298
650 #0 - SUBJECT ADDED ENTRY--TOPICAL TERM
Topical term or geographic name as entry element War (International law)
-- 0000178607
650 #0 - SUBJECT ADDED ENTRY--TOPICAL TERM
Topical term or geographic name as entry element Conservatism.
-- 0000183674
852 1# - LOCATION
-- p2800 KES
908 ## - PUT COMMAND PARAMETER (RLIN)
Put command parameter 130415
950 ## - LOCAL HOLDINGS (RLIN)
-- 1
Holdings
Withdrawn status Lost status Source of classification or shelving scheme Not for loan Home library Current library Date acquired Total Checkouts Full call number Barcode Date last seen Price effective from Koha item type
    Library of Congress Classification   Kabarak, Main Campus Kabarak, Main Campus 17/12/2015   KZ7220 .F37 2008 c. 1 014998 17/12/2015 17/12/2015 General Collection